La célula /

Guardado en:
Autor Principal: Pfeiffer, John
Formato: Libro
Publicado: México : Life, 1964
Materias:
Etiquetas: Agregar Etiqueta
Sin Etiquetas, Sea el primero en etiquetar este registro!
LEADER 00924nam a22002175a 4500
001 CEM.cems005036
005 20060217000000.0
008 130507s1964##################000#0#####d
003 CEMS
082 0 4 |a 574.8 
100 1 |a Pfeiffer, John 
245 1 0 |a La célula / 
260 |a México :  |b Life,  |c 1964 
300 |a 200 p. 
505 0 |a Mecanismos de la evoluci¢n.-Evoluci¢n qu¡mica y origen de la vida. -Evoluci¢n de las c'lulas primitivas.-Evoluci¢n de las plantas y los animales pluricelulares.-Polimorfismo cromos¢mico y evoluci¢n.-Evoluci¢n de los sistemas ecol¢gicos.-Evoluci¢n del comportamiento.-Evoluci¢n de la especie humana.-Adaptaci¢n.-Mantenimiento de la variabilidad gen'tica de las poblaciónes. 
653 |a Biología 
653 |a Celula 
653 |a Celulas nerviosas 
653 |a Fisiologia celular 
653 |a Musculos-potencia 
859 |a CEMS  |b BIB. CEMS - 11 de abril  |h 574.8  |i P476  |p 2718.74  |t Ej.1